=LDR 00000nam 2200000 4500 =001 INLIS000000000023687 =005 20130612122328 =008 ***********************************Ind** =035 ##$$0010-061300000023687 =041 ##$$a Ind =082 ##$$a 028.55 =090 ##$$a 028.55, His p =100 ##$$a Ihsan, Nurul =245 ##$$a Putri kecil mungil, Kak Nurul Ihsan =260 ##$$a 2003 $b Bandung =300 ##$$a 16 hlm, ilus, 28 cm =650 ##$$a Cerita anak-anak =850 ##$$a NBPNMAT